|
|
|
|
| LEADER |
00000nam a22000007a 4500 |
| 005 |
20220630232544.0 |
| 007 |
cr|||| |||| |
| 008 |
220630s2021 es |||||s|||| 00||0 spa d |
| 020 |
|
|
|a 978-84-1377-939-3
|
| 035 |
|
|
|a 36161
|
| 040 |
|
|
|a vLex
|
| 090 |
|
|
|c 13514
|d 13514
|
| 100 |
1 |
|
|a Ariza Colmenarejo, D® Mara̕ Jess︢
|
| 245 |
1 |
0 |
|a Justicia y proceso
|h [Recurso electrn̤ico] :
|b Una revisin̤ procesal contemporǹea bajo el prisma constitucional /
|c D® Mara̕ Jess︢ Ariza Colmenarejo, Piedad Gonzl̀ez Granda
|
| 256 |
|
|
|a Servicio en ln̕ea
|
| 260 |
|
|
|a Madrid:
|b Dykinson,
|c 2021
|
| 300 |
|
|
|a 1 recurso electrn̤ico
|
| 506 |
1 |
|
|a Disponible solo en los productos indicados
|d vLex Global
|d vLex Global (Academic Edition, excluding Law Schools)
|d vLex Global (U.S. Academic Edition, Law Schools)
|d vLex Global (U.S. Academic Edition, excluding Law Schools)
|d vLex Global (Academic Edition, Law Schools)
|
| 650 |
0 |
4 |
|a Derecho Penal
|z Espaą
|
| 650 |
0 |
4 |
|a Derecho Procesal
|z Espaą
|
| 700 |
1 |
|
|a Gonzl̀ez Granda, Piedad
|
| 740 |
0 |
|
|a vLex Libros (Servicio en ln̕ea)
|
| 856 |
4 |
0 |
|u https://app.vlex.com/#/sources/36161
|z Acceso restringido
|
| 942 |
|
|
|c BOOK
|
| 999 |
0 |
|
|a Criminal Law
|
| 999 |
0 |
|
|a Procedural Law
|